MARC details
| 000 -LÍDER |
| campo de controle de tamanho fixo |
01300naa a22003257a 4500 |
| 001 - NÚMERO DE CONTROLE |
| campo de controle |
BR8105479 |
| 003 - IDENTIFICADOR DO NÚMERO DE CONTROLE |
| campo de controle |
BR-BrBNA |
| 005 - DATA E HORÁRIO DA ÚLTIMA TRANSAÇÃO |
| campo de controle |
20240918174848.0 |
| 007 - CAMPO FIXO DE DESCRIÇÃO FÍSICA--INFORMAÇÃO GERAL |
| campo de controle de tamanho fixo |
ta |
| 008 - CAMPO DE DADOS FIXOS--INFORMAÇÃO GERAL |
| campo de controle de tamanho fixo |
230509b bl.||||| |||| 00| 0 por d |
| 040 ## - FONTE DA CATALOGAÇÃO |
| Instituição da catalogação original |
BR-BrBNA |
| Idioma da catalogação |
por |
| Instituição que transcreveu o registro |
Biblioteca Nacional de Agricultura |
| 041 ## - CÓDIGO DE IDIOMA |
| Código do idioma do texto/trilha sonora ou título diferente |
(Pt) |
| 072 ## - CÓDIGO DE CATEGORIA DE ASSUNTO |
| Código de Categoria de Assunto |
P05; E15 |
| 090 ## - NÚMERO DE CHAMADA LOCAL |
| Número de chamada |
P05 BR8105479 |
| 100 1# - ENTRADA PRINCIPAL--NOME PESSOAL |
| Nome pessoal |
Levy, A. |
| 111 1# - ENTRADA PRINCIPAL--NOME DO EVENTO |
| Nome do evento ou lugar |
Simposio Franco-Brasileiro sobre Energia de Biomassa e Economia de Energia |
| Local do evento |
Sao Paulo, SP (Brazil) |
| Data do evento ou assinatura do tratado |
21 Sep 1981 |
| 245 1# - TÍTULO |
| Título |
Economia de energia por compressao mecanica de vapor em concentracao e destilacao [energia termica, combustivel, custo de producao, equipamento] |
| 260 3# - PUBLICAÇÃO, DISTRIBUIÇÃO, ETC. |
| Local de publicação, distribuição, etc. |
Sao Paulo, SP (Brasil): |
| Data da publicação, distribuição, etc. |
1981. |
| 500 ## - NOTA GERAL |
| Nota geral |
Anais do Simposio Franco-Brasileiro sobre Energia de Biomassa e Economia de Energia<br/>Sao Paulo, SP (Brasil): 1981. p. 4-20<br/>(BR8105479-AM)P05<br/> |
| 650 ## - ASSUNTO--TERMO TÓPICO |
| Cabeçalho tópico ou nome geográfico |
ENERGIA TERMICA |
| 650 ## - ASSUNTO--TERMO TÓPICO |
| Cabeçalho tópico ou nome geográfico |
COMBUSTIVEL |
| 650 ## - ASSUNTO--TERMO TÓPICO |
| Cabeçalho tópico ou nome geográfico |
EQUIPAMENTO |
| 650 ## - ASSUNTO--TERMO TÓPICO |
| Cabeçalho tópico ou nome geográfico |
CUSTO DE PRODUCAO |
| 650 ## - ASSUNTO--TERMO TÓPICO |
| Cabeçalho tópico ou nome geográfico |
CUSTO OPERACIONAL |
| 650 ## - ASSUNTO--TERMO TÓPICO |
| Cabeçalho tópico ou nome geográfico |
TECNOLOGIA AGRICOLA |
| 650 ## - ASSUNTO--TERMO TÓPICO |
| Cabeçalho tópico ou nome geográfico |
MECANIZACAO |
| 773 0# - ENTRADA ANALÍTICA |
| Título |
Anais do Simposio Franco-Brasileiro sobre Energia de Biomassa e Economia de Energia |
| Número de controle do registro |
P05 BR8105479 |
| Partes relacionadas |
Sao Paulo, SP (Brasil), 1981. p. 4-20 |
| 909 ## - |
| -- |
202404 |
| -- |
Lucia |
| -- |
55 |
| -- |
Lucia Elande |
| 942 ## - ELEMENTOS DE ENTRADA ADICIONADOS (KOHA) |
| Tipo de material Koha |
Capítulo-Livro |
| Fonte da classificação ou esquema de arquivamento na estante |
Classificação AGRIS |